Biotecnología y economía política (Registro nro. 4694)

Detalles MARC
000 -LEADER
fixed length control field 01414 a2200229 4500
001 - CONTROL NUMBER
control field 48757
005 - DATE AND TIME OF LATEST TRANSACTION
control field 20260407155753.0
008 - FIXED-LENGTH DATA ELEMENTS--GENERAL INFORMATION
fixed length control field 260407a1990 arg spa d
003 - CONTROL NUMBER IDENTIFIER
control field AR-UNSa-BCEJYS
040 ## - CATALOGING SOURCE
Original cataloging agency AR-UNSa-BCEJYS
Language of cataloging spa
Transcribing agency AR-UNSa-BCEJYS
080 ## - UNIVERSAL DECIMAL CLASSIFICATION NUMBER
Universal Decimal Classification number 57.08+338
Common auxiliary subdivision Biotecnología y Economía Política
020 ## - INTERNATIONAL STANDARD BOOK NUMBER
International Standard Book Number 950-25-1336-3
041 ## - LANGUAGE CODE
Language code of text/sound track or separate title spa
100 1# - MAIN ENTRY--PERSONAL NAME
Personal name Bercovich, Néstor
245 10 - TITLE STATEMENT
Title Biotecnología y economía política
Name of part/section of a work estudios del caso argentino
264 #1 - PRODUCTION, PUBLICATION, DISTRIBUTION, MANUFACTURE, AND COPYRIGHT NOTICE
Place of production, publication, distribution, manufacture Buenos Aires :
Name of producer, publisher, distributor, manufacturer Centro Editor de America Latina
Date of production, publication, distribution, manufacture, or copyright notice 1990
300 ## - PHYSICAL DESCRIPTION
Extent 187 p.
Dimensions 21 cm.
505 ## - FORMATTED CONTENTS NOTE
Formatted contents note Primera Parte: 1. Nuevas tecnologías y países periféricos: rasgos centrales del debate teórico contemporáneo - 2. La biotecnología y su desarrollo actual en Argentina - - Segunda Parte: 3. Licencias internacionales y aprendizaje tecnológico interno: producción local de enzimas microbianas - 4. Innovación genética y esfuerzos públicos de investigación y desarrollo: nuevos híbridos en el INTA - 5. Biotecnología e industria farmacéutica. Desarrollo y producción del interferón natural y recombinante en un laboratorio argentino - - Tercera Parte: 6. Patentes y biotecnología - 7. Algunas reflexiones finales sobre innovación biotecnológica en Argentina y la teoría del cambio técnico en los países periféricos.
590 ## - LOCAL NOTE (RLIN)
Local note niveau_biblio:m niveau_hierar:0
700 1# - ADDED ENTRY--PERSONAL NAME
Personal name Katz, Jorge
942 ## - ADDED ENTRY ELEMENTS (KOHA)
Koha item type
Existencias
Withdrawn status Lost status Damaged status Not for loan Home library Current library Shelving location Date acquired Total checkouts Full call number Barcode Date last seen Price effective from Koha item type
        Biblioteca Prof. Eusebio Cleto del Rey Biblioteca Prof. Eusebio Cleto del Rey   07/04/2026   57.08+338 B485 L58587 07/04/2026 07/04/2026 Libro
        Biblioteca Prof. Eusebio Cleto del Rey Biblioteca Prof. Eusebio Cleto del Rey   07/04/2026   57.08+338 B485 L86340 07/04/2026 07/04/2026 Libro
        Biblioteca Prof. Eusebio Cleto del Rey Biblioteca Prof. Eusebio Cleto del Rey   07/04/2026   57.08+338 B485 L86783 07/04/2026 07/04/2026 Libro